000 00331nam a22001217a 4500
003 SGT
082 _a891.4309
_bY92H
100 _aहुसैन, अल्ताफ
245 _aयादगारे साहिब
260 _bग़ालिब हिंदी अकादमी
_c1992
300 _a171
942 _2ddc
_cBK
999 _c31249
_d31249